| 000 | 00462nam a22001337a 4500 | ||
|---|---|---|---|
| 003 | SGT | ||
| 082 |
_a617.6342 _bC13S |
||
| 100 | _aSINGH, ROHIT | ||
| 245 | _aCOMPARATIVE EVALUATION OF RETRIEVAL OF SEPARATED INSTRUMENT FROM THE ROOT CANAL SYSTEM BY USING THREE DIFFERENT TECHNIQUES UNDER AN OPERATING MICROSCOPE - AN IN VITRO STUDY | ||
| 260 |
_aDELHI NCR _bSGT UNIVERSITY GURUGRAM _c2015 |
||
| 300 | _a1-41 | ||
| 650 | _aCONSERVATIVE DENTISTRY | ||
| 942 |
_2ddc _cTH |
||
| 999 |
_c16059 _d16059 |
||